Битва за лес (Запись № 12871895)

Подробности
000 -МАРКЕР
контрольное поле 01539nam0a2200373 4500
001 - ИДЕНТИФИКАТОР ЗАПИСИ
контрольное поле RU\NLR\BIBL_A\012699021
005 - ИДЕНТИФИКАТОР ВЕРСИИ
контрольное поле 20220406144539.0
010 ## - МЕЖДУНАРОДНЫЙ СТАНДАРТНЫЙ НОМЕР КНИГИ (ISBN)
Номер (ISBN) 978-5-09-087390-1
Тираж 3000
021 ## - НОМЕР ГОСУДАРСТВЕННОЙ РЕГИСТРАЦИИ
Код страны Российская Федерация
Номер КН-П-22-025516
Номер Листа государственной регистраци КН-П-22-2185
021 ## - НОМЕР ГОСУДАРСТВЕННОЙ РЕГИСТРАЦИИ
Код страны Российская Федерация
Номер КН-П-22-061730
Номер Листа государственной регистраци КН-П-22-5342
021 ## - НОМЕР ГОСУДАРСТВЕННОЙ РЕГИСТРАЦИИ
Код страны Российская Федерация
Номер КН-П-21-070408
Номер Листа государственной регистраци КН-П-21-5578
035 ## - ДРУГИЕ СИСТЕМНЫЕ НОМЕРА
Идентификатор записи (NLR Aleph) 012699021
035 ## - ДРУГИЕ СИСТЕМНЫЕ НОМЕРА
Идентификатор записи (RuMoRGB)010832728
100 ## - ДАННЫЕ ОБЩЕЙ ОБРАБОТКИ
Данные общей обработки 20220201d2021 d y0rusy50 ca
101 1# - ЯЗЫК РЕСУРСА
Язык текста, звукозаписи и т.д. русский
Язык оригинала английский
102 ## - СТРАНА ПУБЛИКАЦИИ ИЛИ ПРОИЗВОДСТВА
Страна публикации Российская Федерация
105 ## - ПОЛЕ КОДИРОВАННЫХ ДАННЫХ: ТЕКСТОВЫЕ МАТЕРИАЛЫ, МОНОГРАФИЧЕСКИЕ
Кодированные данные о монографическом текстовом документе a z 000ay
181 #0 - ПОЛЕ КОДИРОВАННЫХ ДАННЫХ: ВИД СОДЕРЖАНИЯ
Код вида содержания (ISBD) i
Код характеристики содержания (ISBD) axxe
182 #0 - ПОЛЕ КОДИРОВАННЫХ ДАННЫХ: ТИП СРЕДСТВА
Код типа средства (ISBD) n - непосредственное
200 1# - ЗАГЛАВИЕ И СВЕДЕНИЯ ОБ ОТВЕТСТВЕННОСТИ
Основное заглавие Битва за лес
Сведения, относящиеся к заглавию [для среднего школьного возраста]
Первые сведения об ответственности Эрин Хантер
Последующие сведения об ответственности перевод [с англ.] В. Максимовой
-- иллюстрации Л. Насырова
203 ## - ВИД СОДЕРЖАНИЯ И ТИП СРЕДСТВА
Вид содержания Текст
Дополнительные сведения об издании визуальный
Тип средства непосредственный
210 ## - ПУБЛИКАЦИЯ, РАСПРОСТРАНЕНИЕ И ДР.
Место издания, распространения и т.д. Москва
Имя издателя, распространителя и т. д. Олма
-- Просвещение
Дата издания, распространения и т.д. 2021
215 ## - ФИЗИЧЕСКАЯ ХАРАКТЕРИСТИКА
Специфическое обозначение материала и объем 349, [1] с.
Другие сведения о физической характеристике ил.
Размеры 21
225 1# - СЕРИЯ
Основное заглавие серии Серия "Коты-воители"
333 ## - ПРИМЕЧАНИЯ ОБ ОСОБЕННОСТЯХ РАСПРОСТРАНЕНИЯ И ИСПОЛЬЗОВАНИЯ
Текст примечания 6+
686 0# - ИНДЕКСЫ ДРУГИХ КЛАССИФИКАЦИЙ
Индекс Ш9(4Вл)62-4
700 #1 - ИМЯ ЛИЦА - ПЕРВИЧНАЯ ОТВЕТСТВЕННОСТЬ
Графика поля Кириллица
Материалы, к которым относится поле rus
Начальный элемент ввода Хантер
Часть имени, кроме начального элемента ввода Э.
Дополнения к именам, кроме дат коллективный псевдоним
Расширение инициалов личного имени Эрин
Системный номер авторитетной/нормативной записи 76007
Идентификатор авторитетной/нормативной записи RU\NLR\AUTH\7793081
702 #1 - ИМЯ ЛИЦА - ВТОРИЧНАЯ ОТВЕТСТВЕННОСТЬ
Код отношения Иллюстратор
Графика поля Кириллица
Материалы, к которым относится поле rus
Начальный элемент ввода Насыров
Часть имени, кроме начального элемента ввода Л. Х.
Дополнения к именам, кроме дат иллюстратор
Даты 1943-
Расширение инициалов личного имени Леонид Хамидович
Системный номер авторитетной/нормативной записи 52445
Идентификатор авторитетной/нормативной записи RU\NLR\AUTH\7769517
942 ## - ДОПОЛНИТЕЛЬНЫЕ ЭЛЕМЕНТЫ ЗАПИСИ (АБИС)
Тип экземпляра АБИС Книга
980 ## - КОЛЛЕКЦИЯ
Название коллекции Национальная библиография
Экземпляры
Тип экземпляра Дата поступления Источник поступления Библиотека постоянного хранения Библиотека текущего хранения Место хранения Шифр хранения Штрих-код Статус экземпляра Стоимость Нумерация / хронология для периодики
Книга 01.02.2022 Обязательный экземпляр РНБ (Московский) РНБ (Московский) Русский книжный фонд: издания с 1957 года 2022-3/2404 1-3652983      
Книга 01.02.2022 Обязательный экземпляр РНБ (Московский) РНБ (Московский) Обменный фонд   1-3652984      
Книга 06.07.2022 Обязательный экземпляр РНБ (Московский) РНБ (Московский) Обменный фонд   1-3824816   0.00 2022
Книга 06.07.2022 Обязательный экземпляр РНБ (Московский) РНБ (Московский) Обменный фонд   1-3824815   0.00 2022
Книга 27.10.2022 Обязательный экземпляр РНБ (Московский) РНБ (Московский) Обменный фонд   1-4019047     2023
Книга 27.10.2022 Обязательный экземпляр РНБ (Московский) РНБ (Московский) Обменный фонд   1-4019048     2023